000 00356cam a2200157ua 4500
041 _aeng
_h
082 _a823.301
_bKNI/RU
100 _aKinght, Isobel .
245 _aRunaways /
_cKnight Isobel.
_hTextual Documents
260 _a :
_bLongman ,
_c1961.
300 _a64 ; .
504 _a
942 _cBK
999 _c3371
_d3371